000 01043nac a22003377a 4500
001 BR9501735
003 BR-BrBNA
005 20240105121612.0
008 230509b bl.|||m| |||| 00| 0 por d
040 _aBR-BrBNA
_bpor
_cBiblioteca Nacional de Agricultura
072 _aF01; H10; H20
090 _a1105 BR9501735
100 1 _aLopes, J.G.V.
100 1 _aOliveira, F.M.M.
100 1 _aAlmeida, J.I.L. de
110 1 _aEmpresa de Pesquisa Agropecuaria do Ceara, Fortaleza (Brasil)
245 1 _aA gravioleira
260 3 _aFortaleza, CE (Brasil):
_c1994.
300 _a71 p.
490 _aDocumentos - Empresa de Pesquisa Agropecuaria do Ceara (Brazil)
_vno. 9
_xISSN 0102-2946
500 _aBibliography p. 66-71 (52 ref.); 12 tables; 17 illus.
650 _aGraviola
650 _aSemente
650 _aPratica Cultural
650 _aNutricao Mineral
650 _aAdubacao
650 _aPraga de Planta
650 _aDoenca de Planta
909 _a202312
_bLúcia Elande
_c55
_dLúcia Elande
942 _2AGRIS
_n0
_cMS
999 _c286267
_d286267